[Event "North American op 32nd"]
[Site "Las Vegas"]
[Date "2022.12.27"]
[Round "4"]
[White "Cote, Gary"]
[Black "Fajardo, David Ponce"]
[Result "1-0"]
[WhiteElo "1538"]
[BlackElo "1687"]
[PlyCount "63"]
[EventDate "2022.12.26"]
[EventType "swiss"]
[EventRounds "9"]
[EventCountry "USA"]
[SourceTitle "CBM 211 Extra"]
[Source "ChessBase"]
[SourceDate "2023.01.31"]
[SourceVersion "1"]
[SourceVersionDate "2023.01.31"]
[SourceQuality "1"]

1. d4 c5 2. d5 e6 3. c4 exd5 4. cxd5 d6 5. Nc3 Nf6 6. e4 a6 7. a4 g6 8. Nf3 Bg7 9. h3 0-0 10. Bd3 Re8 11. 0-0 Nbd7 12. Bf4 Nf8 13. Nd2 h6 14. Nc4 Re5 15. Nxe5 Nh5 16. Nxf7 Kxf7 17. Bh2 Kg8 18. f4 Bd7 19. Qf3 c4 20. Bxc4 Qb6+ 21. Kh1 Qxb2 22. e5 Qb4 23. Be2 Rc8 24. Ne4 Bh8 25. g4 Ng7 26. Rfb1 Qa5 27. Rxb7 Ne8 28. Qd3 Rc7 29. Rxc7 Qxc7 30. Qxa6 Bc8 31. Qc4 Qb8 32. Qb5 1-0